000 00627nam a2200241Ia 4500
003 OSt
005 20220924124225.0
006 a|||||r|||| 00| 0
007 ta
008 220923b |||||||| |||| 00| 0 urd d
020 _c03.50
024 _a315553
037 _cTextual
040 _aARTS
_cARTS
_burd
041 _2urd
_aurd
082 _aO168,1NDA,1, L2
100 _aMehta Jagdeesh
_9195226
245 0 _aMaikudah-e-dard
260 _aNew Delhi
_b National India
_c1972
650 _aURDU POETRY
942 _hO168,1NDA,1, L2
_cTEXL
_2CC
999 _c418871
_d418871